00283nam a2200121Ia 4500008004100000082001600041100002400057245003200081250000800113260002300121300000900144650000800153191201s2003 xx 000 0 und d a005.74bRAD aRAMAKRISHNAN, Raghu 0aDatabase Management Systems a3rd aN.DelhibTMHc2003 a1065 aMCA